Statistics for Champions League Best Scorer By Year

Click here to take the quiz!

General Stats

  • This quiz has been taken 426 times
    (176 since last reset)
  • The average score is 42 of 101

Answer Stats

SeasonPlayerTeamGoals% Correct
2012-13Cristiano RonaldoReal Madrid12
100%
2007-08Cristiano RonaldoManchester United8
100%
2017-18Cristiano RonaldoReal Madrid15
100%
2016-17Cristiano RonaldoReal Madrid12
100%
2015-16Cristiano RonaldoReal Madrid16
100%
2014-15Cristiano RonaldoReal Madrid10
100%
2013-14Cristiano RonaldoReal Madrid17
100%
2022-23Erling HaalandManchester City12
100%
2020-21Erling HaalandBorussia Dortmund10
100%
2009-10Lionel MessiFC Barcelona8
100%
2010-11Lionel MessiFC Barcelona12
100%
2011-12Lionel MessiFC Barcelona14
100%
2008-09Lionel MessiFC Barcelona9
100%
2014-15Lionel MessiFC Barcelona10
100%
2018-19Lionel MessiFC Barcelona12
100%
2021-22Karim BenzemaReal Madrid15
99%
2014-15NeymarFC Barcelona10
97%
2019-20Robert LewandowskiBayern Munich15
96%
2006-07KakáAC Milan10
90%
1999-00RaúlReal Madrid10
80%
2000-01RaúlReal Madrid7
80%
2005-06Andriy ShevchenkoAC Milan9
78%
1999-00Andriy ShevchenkoDynamo Kyiv8
78%
2004-05Ruud van NistelrooyManchester United8
77%
2001-02Ruud van NistelrooyManchester United10
77%
2002-03Filippo InzaghiAC Milan10
70%
1961-62Alfredo Di StéfanoReal Madrid7
63%
1957-58Alfredo Di StéfanoReal Madrid10
63%
1999-00RivaldoFC Barcelona10
63%
1972-73Gerd MüllerBayern Munich11
61%
1976-77Gerd MüllerBayern Munich5
61%
1974-75Gerd MüllerBayern Munich5
61%
1973-74Gerd MüllerBayern Munich8
61%
1997-98Alessandro Del PieroJuventus10
58%
1967-68EusébioBenfica6
57%
1965-66EusébioBenfica7
57%
1964-65EusébioBenfica9
57%
1962-63EusébioBenfica6
57%
1963-64Ferenc PuskásReal Madrid7
57%
1959-60Ferenc PuskásReal Madrid12
57%
1961-62Ferenc PuskásReal Madrid7
57%
1988-89Marco van BastenAC Milan10
57%
1971-72Johan CruyffAjax5
56%
1984-85Michel PlatiniJuventus7
47%
1991-92Jean-Pierre PapinMarseille7
44%
1990-91Jean-Pierre PapinMarseille6
44%
1989-90Jean-Pierre PapinMarseille6
44%
1999-00Dwight YorkeManchester United8
43%
2003-04Fernando MorientesMonaco9
43%
1992-93RomárioPSV7
39%
1989-90RomárioPSV6
39%
1994-95George WeahParis Saint-Germain7
38%
1980-81Karl-Heinz RummeniggeBayern Munich6
36%
1995-96Jari LitmanenAjax9
32%
1993-94Ronald KoemanFC Barcelona8
30%
1982-83Paolo RossiJuventus6
29%
1968-69Denis LawManchester United9
22%
1999-00Mário JardelPorto10
22%
1958-59Just FontaineReims10
20%
1987-88Gheorghe HagiSteaua București4
15%
1977-78Allan SimonsenBorussia M'Gladbach5
11%
1965-66Florián AlbertFerencváros7
11%
1975-76Jupp HeynckesBorussia M'Gladbach6
11%
1963-64Sandro MazzolaInter Milan7
11%
1987-88Ally McCoistRangers4
9%
1964-65José Augusto TorresBenfica9
9%
1996-97Milinko PantićAtletico Madrid5
9%
1980-81Graeme SounessLiverpool6
8%
1987-88MíchelReal Madrid4
8%
1981-82Dieter HoeneßBayern Munich7
7%
1956-57Dennis ViolletManchester United9
5%
1962-63José AltafiniAC Milan6
5%
1969-70Mick JonesLeeds United8
5%
1987-88Rabah MadjerPorto4
5%
1980-81Terry McDermottLiverpool6
5%
1960-61José ÁguasBenfica11
3%
1966-67Paul Van HimstAnderlecht6
3%
1987-88Rui ÁguasBenfica4
3%
1979-80Søren LerbyAjax10
3%
1984-85Torbjörn NilssonGöteborg7
3%
1985-86Torbjörn NilssonGöteborg7
3%
1993-94Wynton RuferWerder Bremen8
3%
1971-72Antal DunaiÚjpesti Dózsa5
2%
1970-71Antonis AntoniadisPanathinaikos10
2%
1978-79Claudio SulserGrasshopper11
2%
1955-56Miloš MilutinovićPartizan8
2%
1990-91Peter PacultSwarovski Tirol6
2%
1991-92Sergei YuranBenfica7
2%
1986-87Borislav CvetkovićRed Star7
1%
1974-75Eduard MarkarovArarat Yerevan5
1%
1976-77Franco CucinottaZürich5
1%
1961-62Heinz StrehlNürnberg7
1%
1961-62Justo TejadaReal Madrid7
1%
1971-72Lou MacariCeltic5
1%
1987-88Petar NovákSparta Prague4
1%
1987-88René van der GijpNeuchâtel Xamax4
1%
1971-72Silvester TakačStandard Liège5
1%
1983-84Viktor SokolDinamo Minsk6
1%
1963-64Vladica KovačevićPartizan7
1%
1961-62Bent LøfqvistBoldklubben7
0%
1962-63Paolo BarisonAC Milan6
0%

Score Distribution

Percentile by Number Answered

Percent of People with Each Score

Your Score History

You have not taken this quiz since the last reset